<?xml version="1.0" encoding="UTF-8"?><collection xmlns="info:lc/xmlns/marcxchange-v2"><record format="Unimarc" type="bibliographic"><leader>00505cam 02200193  04500</leader><controlfield tag="001">1941495</controlfield><controlfield tag="003">http://id.bnportugal.gov.pt/bib/porbase/1941495</controlfield><controlfield tag="005">20030509134500.0</controlfield><datafield ind1=" " ind2=" " tag="010"><subfield code="a">2-213-02361-1</subfield></datafield><datafield ind1=" " ind2=" " tag="035"><subfield code="3">31866</subfield></datafield><datafield ind1=" " ind2=" " tag="095"><subfield code="a">PTBN00348506</subfield></datafield><datafield ind1=" " ind2=" " tag="100"><subfield code="a">19900510d1989    k  y0pora0103    ba</subfield></datafield><datafield ind1="0" ind2=" " tag="101"><subfield code="a">fre</subfield></datafield><datafield ind1=" " ind2=" " tag="102"><subfield code="a">FR</subfield></datafield><datafield ind1="1" ind2=" " tag="200"><subfield code="a">&lt;La &gt;troisiéme république</subfield></datafield><datafield ind1=" " ind2=" " tag="210"><subfield code="a">Paris</subfield><subfield code="c">Fayard</subfield><subfield code="d">1989</subfield></datafield><datafield ind1=" " ind2=" " tag="215"><subfield code="a">739 p.</subfield></datafield><datafield ind1=" " ind2=" " tag="675"><subfield code="a">944"1870/1940"</subfield><subfield code="v">BN</subfield><subfield code="z">por</subfield><subfield code="3">1368301</subfield></datafield><datafield ind1=" " ind2="1" tag="700"><subfield code="a">Miquel</subfield><subfield code="b">Pierre</subfield><subfield code="3">81053</subfield></datafield><datafield ind1=" " ind2="0" tag="801"><subfield code="a">PT</subfield><subfield code="b">BN</subfield><subfield code="g">RPC</subfield></datafield><datafield ind1=" " ind2=" " tag="977"><subfield code="1">HI G-9-61</subfield><subfield code="2">coop</subfield><subfield code="4">UCLE</subfield><subfield code="6">mq517468</subfield><subfield code="7">bc</subfield><subfield code="8">coop</subfield><subfield code="9">UCLE</subfield><subfield code="b">01930</subfield><subfield code="k">0</subfield></datafield></record></collection>